| 000 | 02038cam a22004814a 4500 | ||
|---|---|---|---|
| 001 | muse73507 | ||
| 003 | MdBmJHUP | ||
| 005 | 20210127151243.0 | ||
| 006 | m o d | ||
| 007 | cr||||||||nn|n | ||
| 008 | 051012s2006 ncu o 00 0 eng d | ||
| 010 | _z 2005029787 | ||
| 020 | _a9780822387749 | ||
| 020 | _z9780822337805 (alk. paper) | ||
| 020 | _z0822337800 (alk. paper) | ||
| 020 | _z9780822337935 (pbk. : alk. paper) | ||
| 020 | _z0822337932 (pbk. : alk. paper) | ||
| 035 | _a(OCoLC)1086519215 | ||
| 040 |
_aMdBmJHUP _cMdBmJHUP |
||
| 043 |
_aa-ii--- _ae-uk--- |
||
| 050 | 0 | 4 |
_aPN1993.5.I8 _bJ28 2006 |
| 082 | 0 |
_a384/.80954 _222 |
|
| 100 | 1 |
_aJaikumar, Priya, _d1967- |
|
| 245 | 1 | 0 |
_aCinema at the End of Empire _bA Politics of Transition in Britain and India / _cPriya Jaikumar. |
| 264 | 1 | _bDuke University Press, | |
| 264 | 3 | _bProject MUSE, | |
| 300 |
_a1 online resource (xiv, 318 p.) : _bill. ; |
||
| 504 | _aIncludes bibliographical references (p. [289]-308) and index. | ||
| 505 | 0 | _aFilm policy and film aesthetics as cultural archives -- Acts of transition: the British cinematograph films acts of 1927 and 1938 -- Empire and embarrassment: colonial forms of knowledge about cinema -- Realism and empire -- Romance and empire -- Modernism and empire -- Historical romances and modernist myths in Indian cinema. | |
| 506 | 0 |
_aOpen Access _fUnrestricted online access _2star |
|
| 588 | _aDescription based on print version record. | ||
| 650 | 0 |
_aMotion pictures, British _zIndia. |
|
| 650 | 0 |
_aMotion picture industry _zGreat Britain _xHistory. |
|
| 650 | 0 |
_aMotion picture industry _zIndia _xHistory. |
|
| 655 | 7 |
_aElectronic books. _2local |
|
| 710 | 2 |
_aProject Muse. _edistributor |
|
| 830 | 0 | _aBook collections on Project MUSE. | |
| 856 | 4 | 0 |
_zFull text available: _uhttps://muse.jhu.edu/book/64015/ |
| 999 |
_c25168 _d25168 |
||